000 00379nam a2200145 a 4500
020 _a1555444458
040 _cDLC
082 0 0 _a519 SAS 1991 A028 Or.
245 0 0 _aSAS language and procedures :
_busage 2, version 6.
250 _a1st ed.
260 _aCary, NC :
_bSAS Institute,
_cc1991.
300 _axxvi, 649 p. :
_bill. ;
_c28 cm.
710 2 _aSAS Institute.
942 _cEK
999 _c12824
_d12824